[Event "British Chess Championships 2023: "]
[Site "The Venue, De Montfort University, 20 Western Boulevard, Leicester, LE2 7BU"]
[Date "2023.07.23"]
[Round "4"]
[Board "23"]
[White "Flint, James"]
[Black "Sargeant, Christopher"]
[Result "1/2-1/2"]
[WhiteElo "1534"]
[BlackElo "1714"]
[PlyCount "68"]
[EventDate "2023.07.21"]
[EventRounds "5"]
[EventCountry "ENG"]

1. c4 e5 2. Nc3 Nc6 3. g3 Bc5 4. e3 d6 5. Nge2 Bg4 6. Bg2 Qd7 7. h3 Be6 8. d4 exd4
9. exd4 Bxc4 10. dxc5 dxc5 11. Qxd7+ Kxd7 12. O-O Re8 13. Re1 Nd4 14. Be3 Nc2 15.
Rad1+ Kc8 16. Rf1 Rxe3 17. fxe3 Nxe3 18. Bd5 Nxf1 19. Rxf1 Bxd5 20. Nxd5 f6 21. Rc1
b6 22. Nef4 c6 23. Ne3 Ne7 24. Rd1 g6 25. Rd6 f5 26. Ne6 Re8 27. Kf2 Kb7 28. Rd8
Rxd8 29. Nxd8+ Ka6 30. Ke2 Kb5 31. Kd3 Kb4 32. Nc2+ Kb5 33. Ne6 Nd5 34. Nf8 Nf6  1/2-1/2

[Event "British Chess Championships 2023: "]
[Site "The Venue, De Montfort University, 20 Western Boulevard, Leicester, LE2 7BU"]
[Date "2023.07.23"]
[Round "4"]
[Board "24"]
[White "Segat, Davide"]
[Black "Harrison, Oliver"]
[Result "0-1"]
[WhiteElo "1525"]
[BlackElo "1693"]
[PlyCount "68"]
[EventDate "2023.07.21"]
[EventRounds "5"]
[EventCountry "ENG"]

1. c4 e5 2. Nc3 Nf6 3. g3 d5 4. cxd5 Nxd5 5. Bg2 Nb6 6. e3 c6 7. Nge2 Be7 8. O-O
O-O 9. h3 f5 10. f4 e4 11. g4 fxg4 12. Bxe4 Rf6 13. Ng3 gxh3 14. Kh2 Rh6 15. Rg1
Qf8 16. b3 Qf7 17. Bb2 Bf8 18. Qf3 Na6 19. Nce2 Nc5 20. Bc2 Be6 21. Raf1 Rd8 22.
Bd4 Rh4 23. f5 Bc8 24. e4 Kh8 25. f6 g6 26. b4 Bg4 27. Qf4 Ne6 28. Qe3 Nc4 29. Qc3
Bxe2 30. Nxe2 Bd6+ 31. Ng3 Nxd4 32. Bb3 Nxb3 33. Qxb3 Ne5 34. Qe3 Ng4+  0-1

[Event "British Chess Championships 2023: "]
[Site "The Venue, De Montfort University, 20 Western Boulevard, Leicester, LE2 7BU"]
[Date "2023.07.23"]
[Round "4"]
[Board "25"]
[White "Williams, Stephen"]
[Black "Walia, Michael Kanishk"]
[Result "1/2-1/2"]
[WhiteElo "1646"]
[BlackElo "1462"]
[PlyCount "107"]
[EventDate "2023.07.21"]
[EventRounds "5"]
[EventCountry "ENG"]

1. d4 e6 2. Nc3 d5 3. Bf4 a6 4. e3 Nf6 5. Nf3 c5 6. Ne5 Nbd7 7. h4 cxd4 8. exd4 Nxe5
9. dxe5 Nd7 10. a3 Bc5 11. Qd2 Qc7 12. Na4 Ba7 13. Qc3 Qxc3+ 14. Nxc3 Bb8 15. O-O-O
Bxe5 16. Bxe5 Nxe5 17. Re1 Ng4 18. Nxd5 O-O 19. Ne7+ Kh8 20. Nxc8 Raxc8 21. f3 Nf6
22. Bd3 Rc7 23. g4 Nd7 24. f4 Nc5 25. Rh3 Rfc8 26. Re2 Rd8 27. Kd2 Nd7 28. g5 Nb6
29. Kc1 Nd5 30. Rf3 Nxf4 31. Rxf4 Rxd3 32. Rxf7 Rxf7 33. cxd3 Re7 34. Rc2 Kg8 35.
Kd2 Kf7 36. Ke3 Kg6 37. Rc4 Kf5 38. Rf4+ Ke5 39. d4+ Kd5 40. Kd3 Rc7 41. Re4 Re7
42. Re5+ Kd6 43. Kc4 Kc6 44. Kb4 Kd6 45. Ka5 Rf7 46. Kb6 Rd7 47. Rc5 Rf7 48. b4 Rd7
49. a4 Re7 50. b5 axb5 51. Rxb5 Rd7 52. Rc5 Re7 53. a5 Rd7 54. Rc8  1/2-1/2

[Event "British Chess Championships 2023: "]
[Site "The Venue, De Montfort University, 20 Western Boulevard, Leicester, LE2 7BU"]
[Date "2023.07.23"]
[Round "4"]
[Board "26"]
[White "Fleischer, Jeff H"]
[Black "Jones, Paul W"]
[Result "0-1"]
[WhiteElo "1481"]
[BlackElo "1637"]
[PlyCount "94"]
[EventDate "2023.07.21"]
[EventRounds "5"]
[EventCountry "ENG"]

1. d4 Nf6 2. c4 a6 3. Nc3 b5 4. cxb5 axb5 5. Nxb5 e5 6. e3 Ne4 7. Qc2 Bb4+ 8. Nc3
d5 9. Bd3 Bf5 10. Nf3 Nxc3 11. bxc3 e4 12. Bb5+ c6 13. Ne5 cxb5 14. cxb4 O-O 15.
Nc6 Nxc6 16. Qxc6 Qg5 17. g3 Be6 18. Qc2 Qh5 19. Qe2 Bg4 20. Qf1 Bf3 21. Rg1 Qxh2
22. Bb2 Rfc8 23. Kd2 Rc6 24. a3 Rac8 25. Rc1 h6 26. Rc5 g5 27. Bc3 f5 28. Kc1 Kf7
29. Kb2 Ke6 30. Ka1 h5 31. Bb2 g4 32. Qc1 Rxc5 33. bxc5 Qxf2 34. c6 h4 35. Rf1 Qxg3
36. Qc5 Be2 37. Rc1 Bc4 38. Qb6 Qc7 39. Qc5 Qxc6 40. Qb4 h3 41. Qe1 Rh8 42. Qg3 Qd6
43. Qf2 g3 44. Qg1 f4 45. exf4 Qxf4 46. Rf1 Qxf1+ 47. Qxf1 Bxf1  0-1

[Event "British Chess Championships 2023: "]
[Site "The Venue, De Montfort University, 20 Western Boulevard, Leicester, LE2 7BU"]
[Date "2023.07.23"]
[Round "4"]
[Board "27"]
[White "Woolf, Ben"]
[Black "Smithson, Sean"]
[Result "1-0"]
[WhiteElo "1630"]
[BlackElo "1301"]
[PlyCount "47"]
[EventDate "2023.07.21"]
[EventRounds "5"]
[EventCountry "ENG"]

1. e4 d6 2. d4 Nf6 3. Nc3 g6 4. h3 Bg7 5. g4 O-O 6. Bg2 e5 7. Nge2 Na6 8. Be3 c6
9. Qd2 h5 10. O-O-O d5 11. dxe5 Nh7 12. f4 hxg4 13. hxg4 Bxg4 14. exd5 cxd5 15. Bxd5
Qe7 16. Qe1 Rfd8 17. Bb3 Rxd1+ 18. Qxd1 Nc7 19. Qg1 Bxe2 20. Nxe2 b6 21. Qxg6 Nf8
22. Qg2 Rc8 23. Rg1 Nfe6 24. f5  1-0

[Event "British Chess Championships 2023: "]
[Site "The Venue, De Montfort University, 20 Western Boulevard, Leicester, LE2 7BU"]
[Date "2023.07.23"]
[Round "4"]
[Board "28"]
[White "Brown, Chris"]
[Black "Perkins, Chris"]
[Result "1/2-1/2"]
[WhiteElo "1477"]
[BlackElo "1606"]
[PlyCount "55"]
[EventDate "2023.07.21"]
[EventRounds "5"]
[EventCountry "ENG"]

1. e4 c5 2. d4 cxd4 3. c3 dxc3 4. Nxc3 Nc6 5. Nf3 e6 6. Bc4 a6 7. O-O b5 8. Bb3 Be7
9. Qe2 Bb7 10. Rd1 Qb8 11. e5 Na5 12. Bf4 Nxb3 13. axb3 Bc6 14. Ne4 Qb7 15. Nd6+
Bxd6 16. exd6 Nh6 17. Nh4 O-O-O 18. Ra2 g5 19. Rda1 gxh4 20. Rxa6 Nf5 21. Ra8+ Qxa8
22. Rxa8+ Bxa8 23. Qxb5 Bb7 24. Qb6 Kb8 25. Qc7+ Ka8 26. Qa5+ Kb8 27. Qc7+ Ka8 28.
Qa5+  1/2-1/2

[Event "British Chess Championships 2023: "]
[Site "The Venue, De Montfort University, 20 Western Boulevard, Leicester, LE2 7BU"]
[Date "2023.07.23"]
[Round "4"]
[Board "29"]
[White "Skelton, Jason"]
[Black "Taylor, Stephen A"]
[Result "1-0"]
[WhiteElo "1456"]
[BlackElo "1597"]
[PlyCount "105"]
[EventDate "2023.07.21"]
[EventRounds "5"]
[EventCountry "ENG"]

1. d4 Nf6 2. Bf4 d6 3. Nc3 g6 4. e4 Bg7 5. Qd2 O-O 6. O-O-O Nc6 7. f3 e6 8. Bh6 a6
9. h4 e5 10. d5 Ne7 11. g4 Ne8 12. h5 f5 13. hxg6 hxg6 14. gxf5 gxf5 15. Bxg7 Nxg7
16. Qh2 Ng6 17. Rd2 Kf7 18. Qg3 f4 19. Qf2 Qf6 20. Rh6 Rh8 21. Rxh8 Nxh8 22. Qh2
Ng6 23. Nh3 Bd7 24. Qg1 Bxh3 25. Bxh3 Rh8 26. Qg4 Rh4 27. Qd7+ Qe7 28. Qxe7+ Kxe7
29. Bc8 Rh1+ 30. Rd1 Rxd1+ 31. Kxd1 Nh4 32. Ke2 Nh5 33. Bxb7 Ng3+ 34. Kf2 a5 35.
Bc8 Nh1+ 36. Kg1 Ng3 37. Bg4 Ng6 38. Kf2 Nf8 39. Ne2 Nxe2 40. Kxe2 Nh7 41. a4 Nf6
42. c3 c6 43. dxc6 Kd8 44. b4 axb4 45. cxb4 Kc7 46. b5 Ne8 47. Bd7 Nf6 48. a5 Nxd7
49. cxd7 Kxd7 50. Kd3 Kc7 51. Kc4 Kd7 52. Kd5 Kc7 53. Ke6  1-0

[Event "British Chess Championships 2023: "]
[Site "The Venue, De Montfort University, 20 Western Boulevard, Leicester, LE2 7BU"]
[Date "2023.07.23"]
[Round "4"]
[Board "30"]
[White "Mehrgan, Mehrsam"]
[Black "Daly, Grant"]
[Result "1-0"]
[WhiteElo "1118"]
[BlackElo "1596"]
[PlyCount "45"]
[EventDate "2023.07.21"]
[EventRounds "5"]
[EventCountry "ENG"]

1. Nf3 Nf6 2. d4 d5 3. c4 e6 4. Nc3 dxc4 5. e4 Bb4 6. Bg5 Be7 7. Bxc4 O-O 8. O-O
h6 9. Be3 b6 10. Bf4 Bb7 11. Re1 a6 12. a3 Nc6 13. e5 Nh7 14. Bd3 Qd7 15. Qd2 Rfd8
16. Rad1 f5 17. exf6 Bxf6 18. Bc4 Nxd4 19. Nxd4 Qxd4 20. Qxd4 Bxd4 21. Rxe6 Bxc3
22. Rxd8+ Rxd8 23. Re8#  1-0

[Event "British Chess Championships 2023: "]
[Site "The Venue, De Montfort University, 20 Western Boulevard, Leicester, LE2 7BU"]
[Date "2023.07.23"]
[Round "4"]
[Board "31"]
[White "Blin, Henri"]
[Black "Usher, Frank"]
[Result "1/2-1/2"]
[WhiteElo "1464"]
[BlackElo "1570"]
[PlyCount "132"]
[EventDate "2023.07.21"]
[EventRounds "5"]
[EventCountry "ENG"]

1. e4 c5 2. Nf3 Nc6 3. d4 cxd4 4. Nxd4 e5 5. Nb3 Nf6 6. Nc3 Bb4 7. f3 d5 8. Bg5 d4
9. a3 dxc3 10. Qxd8+ Nxd8 11. axb4 cxb2 12. Rb1 Nc6 13. c3 Bd7 14. Bb5 O-O-O 15.
O-O Nb8 16. Bxd7+ Nbxd7 17. Rxb2 Nb6 18. Rd2 Nc4 19. Rxd8+ Rxd8 20. Ra1 Kb8 21. Na5
Rc8 22. Nxc4 Rxc4 23. Bxf6 gxf6 24. Ra3 Kc7 25. g4 a6 26. Kf2 b5 27. Ke3 Kb6 28.
Kd2 h5 29. h3 h4 30. Kc2 f5 31. Kd3 fxe4+ 32. fxe4 Rc6 33. Ke2 Rf6 34. Ra1 Rf4 35.
Ke3 Rf6 36. Rd1 Rc6 37. Rd3 a5 38. bxa5+ Kxa5 39. Ke2 Rc4 40. Re3 Ka4 41. Kd2 Kb3
42. Rf3 Rxe4 43. Rxf7 Rc4 44. Rf3 Rf4 45. Rxf4 exf4 46. Ke2 Kxc3 47. g5 b4 48. g6
b3 49. g7 b2 50. g8=Q b1=Q 51. Qc8+ Kd4 52. Qd7+ Ke5 53. Qe7+ Kd4 54. Qd6+ Kc3 55.
Qc5+ Kb2 56. Qb4+ Kc2 57. Qa4+ Kc3 58. Qc6+ Kd4 59. Qd6+ Kc3 60. Qe5+ Kb3 61. Qd5+
Kc3 62. Qf3+ Kb2 63. Qb7+ Kc2 64. Qc6+ Kb3 65. Qb5+ Kc2 66. Qd3+ Kb2  1/2-1/2

[Event "British Chess Championships 2023: "]
[Site "The Venue, De Montfort University, 20 Western Boulevard, Leicester, LE2 7BU"]
[Date "2023.07.23"]
[Round "4"]
[Board "32"]
[White "Ananyev, Miron"]
[Black "Scott, Jane"]
[Result "0-1"]
[WhiteElo "1525"]
[BlackElo "1477"]
[PlyCount "104"]
[EventDate "2023.07.21"]
[EventRounds "5"]
[EventCountry "ENG"]

1. d4 Nf6 2. c4 g6 3. Nf3 Bg7 4. g3 O-O 5. Bg2 d6 6. Be3 Nbd7 7. Nbd2 e5 8. d5 Ng4
9. Bg5 f6 10. Be3 Nxe3 11. fxe3 Bh6 12. e4 a5 13. h4 Nc5 14. Bh3 Bxh3 15. Rxh3 Qc8
16. Rh2 Qg4 17. Kf2 Nxe4+ 18. Nxe4 Qxe4 19. Qd3 Qxd3 20. exd3 Rae8 21. Re1 f5 22.
d4 exd4 23. Rxe8 Rxe8 24. h5 Kg7 25. Kf1 d3 26. Nd4 d2 27. Ne6+ Rxe6 28. Rxd2 Bxd2
29. dxe6 Kf6 30. hxg6 hxg6 31. Ke2 Bc1 32. b3 Kxe6 33. Kf3 g5 34. g4 fxg4+ 35. Kxg4
Ke5 36. a3 d5 37. c5 Kd4 38. b4 axb4 39. axb4 Kc4 40. c6 bxc6 41. b5 cxb5 42. Kf3
b4 43. Kg4 b3 44. Kf3 b2 45. Kg4 b1=Q 46. Kf3 Qe4+ 47. Kf2 d4 48. Kg3 d3 49. Kf2
d2 50. Kg3 d1=R 51. Kh3 Rg1 52. Kh2 Qg2#  0-1

[Event "British Chess Championships 2023: "]
[Site "The Venue, De Montfort University, 20 Western Boulevard, Leicester, LE2 7BU"]
[Date "2023.07.23"]
[Round "4"]
[Board "33"]
[White "Morris, Nigel W"]
[Black "Jones, Dixon H"]
[Result "1-0"]
[WhiteElo "1596"]
[BlackElo "1688"]
[PlyCount "109"]
[EventDate "2023.07.21"]
[EventRounds "5"]
[EventCountry "ENG"]

1. d4 d5 2. Nf3 g6 3. c4 c6 4. Nc3 Nf6 5. Bf4 Bg7 6. h3 dxc4 7. a4 Nd5 8. Bg3 Be6
9. e4 Nxc3 10. bxc3 O-O 11. Ng5 Qa5 12. Qd2 Bh6 13. f4 Bxg5 14. fxg5 Nd7 15. Be2
Rad8 16. O-O f6 17. gxf6 Nxf6 18. Bf3 Rd7 19. Qe3 Qd8 20. Be5 b5 21. g4 a5 22. axb5
cxb5 23. d5 Bf7 24. Qh6 Rb7 25. g5 Ne8 26. Be2 Qb6+ 27. Kh2 Qe3 28. Bf3 Bxd5 29.
Bd4 Qf4+ 30. Kh1 e5 31. Bg2 Qxf1+ 32. Rxf1 Rxf1+ 33. Bxf1 Bxe4+ 34. Kh2 exd4 35.
cxd4 Rd7 36. Qh4 Rxd4 37. Qf4 Nd6 38. Bg2 c3 39. Bxe4 Nxe4 40. Qb8+ Kf7 41. Qa7+
Ke6 42. Qxd4 Nxg5 43. Qxc3 b4 44. Qc6+ Kf5 45. Qc5+ Kf4 46. Qxa5 Nf3+ 47. Kg2 Ne1+
48. Kf2 Nd3+ 49. Ke2 Ke4 50. Qa8+ Kf4 51. Qf3+ Kg5 52. Kxd3 h5 53. Qg3+ Kh6 54. Qf4+
Kh7 55. Qxb4  1-0

[Event "British Chess Championships 2023: "]
[Site "The Venue, De Montfort University, 20 Western Boulevard, Leicester, LE2 7BU"]
[Date "2023.07.23"]
[Round "4"]
[Board "34"]
[White "Coles, Rob"]
[Black "Lightfoot, David"]
[Result "0-1"]
[WhiteElo "1600"]
[BlackElo "1523"]
[PlyCount "78"]
[EventDate "2023.07.21"]
[EventRounds "5"]
[EventCountry "ENG"]

1. d4 g6 2. e4 Bg7 3. Nf3 e6 4. Bd3 Ne7 5. Nc3 O-O 6. Bf4 c6 7. Qd2 d5 8. e5 Nd7
9. O-O c5 10. Nb5 c4 11. Be2 Nf5 12. Rfe1 a6 13. Nc3 b5 14. a3 Bb7 15. Rad1 Bc6 16.
b3 Qe7 17. b4 a5 18. Na2 axb4 19. Nxb4 Rfc8 20. Ra1 f6 21. Nxc6 Rxc6 22. Bf1 Rxa3
23. c3 Rca6 24. Qb2 Rxa1 25. Rxa1 Rxa1 26. Qxa1 g5 27. exf6 Bxf6 28. Qa8+ Kg7 29.
Bd2 g4 30. Ne1 Bg5 31. Bxg5 Qxg5 32. Qc6 Nf8 33. Qxb5 Qc1 34. Qb7+ Kg8 35. Qb8 Qxe1
36. Qf4 Ng6 37. Qb8+ Kg7 38. Qc7+ Kh6 39. Qf4+ Nxf4  0-1

[Event "British Chess Championships 2023: "]
[Site "The Venue, De Montfort University, 20 Western Boulevard, Leicester, LE2 7BU"]
[Date "2023.07.24"]
[Round "5"]
[Board "1"]
[White "Dias, Ruwan"]
[Black "Acibar, Arnold"]
[Result "1-0"]
[WhiteElo "1660"]
[BlackElo "1722"]
[PlyCount "135"]
[EventDate "2023.07.21"]
[EventRounds "5"]
[EventCountry "ENG"]

1. e4 e5 2. Nf3 Nc6 3. d4 exd4 4. Bc4 Be7 5. O-O d6 6. Nxd4 Nxd4 7. Qxd4 Nf6 8. Nc3
O-O 9. Be3 Be6 10. Be2 Ng4 11. Bxg4 Bxg4 12. Nd5 Be6 13. Nxe7+ Qxe7 14. Rac1 b6 15.
b3 Rad8 16. c4 Qh4 17. f4 c5 18. Qd2 f5 19. Rf2 fxe4 20. f5 Bf7 21. Bg5 e3 22. Qxe3
Rde8 23. Qf4 Qxf4 24. Bxf4 Rd8 25. Rd1 d5 26. Bg5 Rd7 27. Rfd2 d4 28. g4 b5 29. cxb5
Rb7 30. Rc1 h6 31. Bf4 Rxb5 32. Bd6 Rd8 33. Rxc5 Rxc5 34. Bxc5 a6 35. Bxd4 Be8 36.
Be3 Rc8 37. Bf4 Rc5 38. Kf2 Kf7 39. Be3 Rc6 40. h4 Kg8 41. Kg3 Kf7 42. g5 hxg5 43.
hxg5 Rc3 44. Kf4 Bc6 45. g6+ Ke7 46. Bd4 Rc1 47. Bxg7 Rf1+ 48. Kg4 Bd7 49. Rd5 Rg1+
50. Kh4 Bxf5 51. Rxf5 Rxg6 52. Rg5 Rd6 53. Rg2 Kd7 54. Bc3 Rh6+ 55. Kg5 Re6 56. Rd2+
Kc6 57. Kf5 Re8 58. Be5 Rf8+ 59. Ke4 Rf1 60. Kd3 Rf5 61. Bd4 Kb5 62. Kc3 Rf3+ 63.
Kb2 Kc6 64. Rc2+ Kb7 65. Rc3 Rf4 66. Rc7+ Kb8 67. Be5 Rf2+ 68. Rc2+  1-0

[Event "British Chess Championships 2023: "]
[Site "The Venue, De Montfort University, 20 Western Boulevard, Leicester, LE2 7BU"]
[Date "2023.07.24"]
[Round "5"]
[Board "2"]
[White "Hayes, Solomon"]
[Black "Railwani, Tavish"]
[Result "1-0"]
[WhiteElo "1613"]
[BlackElo "1636"]
[PlyCount "43"]
[EventDate "2023.07.21"]
[EventRounds "5"]
[EventCountry "ENG"]

1. e4 e6 2. d4 d5 3. Nd2 dxe4 4. Nxe4 Nf6 5. Nxf6+ Qxf6 6. Nf3 h6 7. Bd3 Bd6 8. O-O
Nc6 9. c3 O-O 10. h3 Bd7 11. Re1 Rfe8 12. Nd2 Rad8 13. Ne4 Qe7 14. Qh5 f5 15. Nxd6
Qxd6 16. Bxh6 gxh6 17. Qg6+ Kh8 18. Qxh6+ Kg8 19. Re3 f4 20. Bh7+ Kf7 21. Qg6+ Ke7
22. Qg7#  1-0

[Event "British Chess Championships 2023: "]
[Site "The Venue, De Montfort University, 20 Western Boulevard, Leicester, LE2 7BU"]
[Date "2023.07.24"]
[Round "5"]
[Board "3"]
[White "Veeturi, Yashvardhan"]
[Black "Ganti, Shriaansh"]
[Result "1-0"]
[WhiteElo "1628"]
[BlackElo "1689"]
[PlyCount "65"]
[EventDate "2023.07.21"]
[EventRounds "5"]
[EventCountry "ENG"]

1. e4 c5 2. Nc3 Nc6 3. g3 g6 4. Bg2 Bg7 5. d3 d6 6. Be3 Nf6 7. h3 Bd7 8. Qd2 a6 9.
Bh6 O-O 10. Bxg7 Kxg7 11. g4 b5 12. g5 Ng8 13. h4 h5 14. gxh6+ Nxh6 15. h5 Rh8 16.
hxg6 fxg6 17. O-O-O e6 18. f4 Rb8 19. Nf3 b4 20. Ne2 Qe7 21. Rdg1 a5 22. Bh3 Be8
23. Ng3 Nf7 24. f5 exf5 25. exf5 Nfe5 26. Ng5 Nd4 27. N3e4 Qd8 28. f6+ Kf8 29. Ne6+
Nxe6 30. Bxe6 Rxh1 31. Rxh1 Nf7 32. Rh8+ Nxh8 33. Qh6#  1-0

[Event "British Chess Championships 2023: "]
[Site "The Venue, De Montfort University, 20 Western Boulevard, Leicester, LE2 7BU"]
[Date "2023.07.24"]
[Round "5"]
[Board "4"]
[White "Schmerwitz, Reinhard"]
[Black "Watkinson, Phil K"]
[Result "1/2-1/2"]
[WhiteElo "1683"]
[BlackElo "1633"]
[PlyCount "59"]
[EventDate "2023.07.21"]
[EventRounds "5"]
[EventCountry "ENG"]

1. e4 e5 2. Nf3 Nc6 3. Bb5 f5 4. d3 fxe4 5. dxe4 Nf6 6. O-O Bc5 7. Nc3 O-O 8. Bg5
d6 9. Bxf6 Rxf6 10. Nd5 Rg6 11. Bxc6 bxc6 12. Ne3 Bh3 13. Ne1 Qg5 14. Qf3 Qh6 15.
Nf5 Bxf5 16. exf5 Rg5 17. Qxc6 Rf8 18. Nd3 Bb6 19. Rae1 Rh5 20. h3 Rg5 21. Kh2 Rgxf5
22. f3 Qd2 23. Re4 Rxf3 24. Rxf3 Rxf3 25. Rg4 Rf8 26. Qd5+ Kh8 27. Qe6 Qe3 28. Qe7
Rg8 29. Rxg7 Rxg7 30. Qf8+  1/2-1/2

[Event "British Chess Championships 2023: "]
[Site "The Venue, De Montfort University, 20 Western Boulevard, Leicester, LE2 7BU"]
[Date "2023.07.24"]
[Round "5"]
[Board "5"]
[White "Agnihotri, Akaash"]
[Black "Howorth, Jack"]
[Result "0-1"]
[WhiteElo "1493"]
[BlackElo "1660"]
[PlyCount "84"]
[EventDate "2023.07.21"]
[EventRounds "5"]
[EventCountry "ENG"]

1. e4 c5 2. Nf3 Nc6 3. d4 cxd4 4. Nxd4 g6 5. Nc3 Bg7 6. Be3 Nf6 7. Be2 O-O 8. O-O
d5 9. Nxc6 bxc6 10. e5 Nd7 11. f4 Bh6 12. Qd2 e6 13. b4 Qe7 14. a3 c5 15. bxc5 Nxc5
16. Qd4 Nd7 17. Qa4 Nxe5 18. Bb5 Bd7 19. Bd4 Bxb5 20. Qxb5 Nd7 21. f5 Rab8 22. Qa4
Nb6 23. f6 Qc7 24. Bxb6 axb6 25. Nb5 Qc5+ 26. Kh1 Rfc8 27. Qh4 Bf8 28. Nd4 Qc4 29.
Qf4 Ra8 30. Rf3 e5 31. Qg5 Qxd4 32. Rg1 h6 33. Qg3 Rxc2 34. h4 Rc4 35. Qh2 Qxh4 36.
Rh3 Qxf6 37. Rf3 Qg5 38. Rg3 Rh4 39. Rh3 Rxh3 40. gxh3 Qe3 41. Rg3 Qe4+ 42. Rg2 Rxa3
 0-1

[Event "British Chess Championships 2023: "]
[Site "The Venue, De Montfort University, 20 Western Boulevard, Leicester, LE2 7BU"]
[Date "2023.07.24"]
[Round "5"]
[Board "6"]
[White "Vaddhireddy, Sai"]
[Black "Riggs, Samuel"]
[Result "1-0"]
[WhiteElo "1657"]
[BlackElo "1630"]
[PlyCount "91"]
[EventDate "2023.07.21"]
[EventRounds "5"]
[EventCountry "ENG"]

1. d4 Nf6 2. c4 g6 3. g3 Bg7 4. Bg2 O-O 5. Nc3 d6 6. Nf3 c5 7. dxc5 dxc5 8. O-O Nc6
9. Be3 Be6 10. Qa4 Bd7 11. Bxc5 Nd4 12. Qd1 Nxf3+ 13. Bxf3 Rc8 14. Bxa7 Qa5 15. Bd4
Bh3 16. Bxf6 Bxf6 17. Bg2 Bxg2 18. Kxg2 Bxc3 19. bxc3 Rxc4 20. Qb3 Rxc3 21. Qxb7
Qa8 22. Rfb1 Rb8 23. Qxa8 Rxa8 24. a4 Ra5 25. Rb4 Kg7 26. e3 Kf6 27. Kf3 Ke5 28.
Rab1 f5 29. Rb5+ Rc5 30. Rxa5 Rxa5 31. Rb5+ Rxb5 32. axb5 Kd5 33. Kf4 h6 34. b6 e5+
35. Kf3 Kc6 36. e4 Kxb6 37. exf5 gxf5 38. g4 f4 39. Ke4 Kc5 40. Kxe5 f3 41. h4 Kc4
42. Ke4 Kc5 43. Kxf3 Kd5 44. Kf4 Ke6 45. g5 h5 46. Ke4  1-0

[Event "British Chess Championships 2023: "]
[Site "The Venue, De Montfort University, 20 Western Boulevard, Leicester, LE2 7BU"]
[Date "2023.07.24"]
[Round "5"]
[Board "7"]
[White "Welson, Aaron"]
[Black "Gupta, Leonardo"]
[Result "1-0"]
[WhiteElo "1636"]
[BlackElo "1474"]
[PlyCount "61"]
[EventDate "2023.07.21"]
[EventRounds "5"]
[EventCountry "ENG"]

1. e4 c5 2. Nf3 Nc6 3. Bb5 g6 4. O-O Bg7 5. Re1 Qc7 6. c3 e5 7. Na3 Nf6 8. Nc4 Nh5
9. d3 O-O 10. Ne3 Nf6 11. a4 d6 12. Bd2 Be6 13. Bc4 h6 14. b4 b6 15. Qc2 Rad8 16.
Bxe6 fxe6 17. d4 exd4 18. cxd4 Nd7 19. d5 Nd4 20. Nxd4 Bxd4 21. dxe6 Nf6 22. e5 Bxa1
23. Qxg6+ Kh8 24. Qxh6+ Kg8 25. Qg6+ Kh8 26. exf6 Rxf6 27. Qh5+ Qh7 28. e7 Rg8 29.
e8=Q Rh6 30. Rxa1 Rxh5 31. Bc3+  1-0

[Event "British Chess Championships 2023: "]
[Site "The Venue, De Montfort University, 20 Western Boulevard, Leicester, LE2 7BU"]
[Date "2023.07.24"]
[Round "5"]
[Board "9"]
[White "Gunarathne, Senith"]
[Black "Collins, Nigel"]
[Result "1-0"]
[WhiteElo "1739"]
[BlackElo "1496"]
[PlyCount "37"]
[EventDate "2023.07.21"]
[EventRounds "5"]
[EventCountry "ENG"]

1. e4 c5 2. Nf3 d6 3. d4 cxd4 4. Nxd4 Nf6 5. Nc3 a6 6. Bg5 e6 7. f4 Be7 8. Qf3 Qc7
9. O-O-O Nbd7 10. g4 b5 11. Bxf6 Bxf6 12. Bxb5 axb5 13. Ndxb5 Qb8 14. Nxd6+ Kf8 15.
e5 Be7 16. Nxc8 Nxe5 17. fxe5 Qxc8 18. Rhf1 Bg5+ 19. Kb1  1-0

[Event "British Chess Championships 2023: "]
[Site "The Venue, De Montfort University, 20 Western Boulevard, Leicester, LE2 7BU"]
[Date "2023.07.24"]
[Round "5"]
[Board "10"]
[White "Gilbert, David J"]
[Black "Lawrence, Simon"]
[Result "1-0"]
[WhiteElo "1603"]
[BlackElo "1678"]
[PlyCount "99"]
[EventDate "2023.07.21"]
[EventRounds "5"]
[EventCountry "ENG"]

1. c4 c5 2. g3 Nc6 3. Bg2 g6 4. Nc3 Bg7 5. Nf3 e5 6. d3 Nge7 7. Bg5 h6 8. Bxe7 Nxe7
9. O-O d6 10. Rb1 a5 11. a3 Nc6 12. Ne1 O-O 13. Nc2 Be6 14. b4 axb4 15. axb4 Qe7
16. bxc5 dxc5 17. Ne3 Nb4 18. Ncd5 Nxd5 19. Nxd5 Bxd5 20. Bxd5 Ra7 21. Rb6 Kh7 22.
Qb3 Rb8 23. Rb1 f5 24. Re6 Qg5 25. Qb6 Ra6 26. Qc7 Rxe6 27. Bxe6 Qd8 28. Qxd8 Rxd8
29. Rxb7 Kh8 30. Bf7 Rd6 31. Rb8+ Kh7 32. Rc8 e4 33. dxe4 fxe4 34. Bg8+ Kh8 35. Bd5+
Kh7 36. Bxe4 Rf6 37. e3 Re6 38. Bd5 Rb6 39. Rxc5 h5 40. Rb5 Rf6 41. c5 Rf5 42. c6
Be5 43. e4 Rf8 44. Bg8+ Rxg8 45. Rxe5 Rc8 46. Re6 Kg7 47. Rd6 g5 48. e5 h4 49. Kg2
hxg3 50. Kxg3  1-0

[Event "British Chess Championships 2023: "]
[Site "The Venue, De Montfort University, 20 Western Boulevard, Leicester, LE2 7BU"]
[Date "2023.07.24"]
[Round "5"]
[Board "11"]
[White "Kent, Rowan"]
[Black "Belur, Ankita"]
[Result "1-0"]
[WhiteElo "1650"]
[BlackElo "1479"]
[PlyCount "123"]
[EventDate "2023.07.21"]
[EventRounds "5"]
[EventCountry "ENG"]

1. e4 d6 2. d4 Nf6 3. Nc3 g6 4. Be3 Bg7 5. Qd2 O-O 6. Nf3 Re8 7. Bc4 c6 8. a4 Nbd7
9. h3 Rb8 10. e5 dxe5 11. dxe5 Nd5 12. Nxd5 cxd5 13. Qxd5 e6 14. Qd6 Bxe5 15. Nxe5
Qa5+ 16. Bd2 Qxe5+ 17. Qxe5 Nxe5 18. Bf4 f6 19. O-O Rd8 20. Rfe1 Rd4 21. Bxe5 fxe5
22. b3 e4 23. c3 Rd6 24. Rxe4 Bd7 25. Rae1 Kf7 26. R1e3 Ke7 27. Rd3 Rxd3 28. Bxd3
Be8 29. Kf1 a5 30. Rc4 b5 31. Rc7+ Kf6 32. Bxb5 Bxb5+ 33. axb5 Rxb5 34. b4 axb4 35.
cxb4 Rxb4 36. Rxh7 Re4 37. g3 g5 38. Ra7 Kg6 39. Ra3 Kh5 40. Re3 Rxe3 41. fxe3 Kg6
42. Ke2 Kf5 43. Kf3 Ke5 44. h4 Kf5 45. g4+ Kg6 46. h5+ Kg7 47. Ke4 Kf6 48. Kd4 Kg7
49. Ke5 Kf7 50. e4 Ke7 51. h6 Kf7 52. h7 Kg7 53. Kxe6 Kxh7 54. Kf5 Kh6 55. Kf6 Kh7
56. Kxg5 Kg7 57. e5 Kf7 58. Kh6 Kf8 59. Kh7 Kf7 60. g5 Kf8 61. g6 Ke7 62. g7  1-0

[Event "British Chess Championships 2023: "]
[Site "The Venue, De Montfort University, 20 Western Boulevard, Leicester, LE2 7BU"]
[Date "2023.07.24"]
[Round "5"]
[Board "12"]
[White "Steel, Martin J"]
[Black "Hughes, Sam"]
[Result "1-0"]
[WhiteElo "1610"]
[BlackElo "1601"]
[PlyCount "31"]
[EventDate "2023.07.21"]
[EventRounds "5"]
[EventCountry "ENG"]

1. c4 e5 2. Nc3 Nf6 3. g3 Bc5 4. Bg2 Nc6 5. e3 d6 6. Nge2 Be6 7. d4 exd4 8. exd4
Nxd4 9. Nxd4 Bxc4 10. Nde2 Ng4 11. O-O Qf6 12. Ne4 Qe5 13. Qc2 Bd5 14. Nxc5 Bxg2
15. Kxg2 dxc5 16. Qa4+  1-0